banner-ar

محمود عزمى :رائد الصحافة المصرية (اقرا 533 ) / (Record no. 48851)

MARC details
000 -الفاتح
حقل البيانات ثابتة الطول 00478nam a2200169Ia 4500
008 - عناصر البيانات ثابتة الطول - معلومات عامة
حقل البيانات ثابتة الطول 140319s9999 xx 000 0 ara d
040 ## - مصدر الفهرسة
وكالة الفهرسة الأصلية GCL /
وكالة النسخ GCL
082 04 - رقم تصنيف ديوى العشرى
رقم التصنيف د
رقم المادة 050
100 1# - المدخل الرئيسى - إسم شخصى
الإسم الشخصى نجوى كامل
245 10 - بيان العنوان
العنوان محمود عزمى :رائد الصحافة المصرية (اقرا 533 ) /
بيان المسئوليه,etc نجوى كامل
300 ## - الوصف المادى
التعداد 157
490 ## - بيان السلسلة
عنوان السلسلة اقرأ
رقم المجلد/ التعيين التسلسلي 0
650 04 - المدخل الاضافى بالموضوع-مصطلح موضوعى
مصطلح موضوعي الصحافة المصرية
650 04 - المدخل الاضافى بالموضوع-مصطلح موضوعى
مصطلح موضوعي محمود عزمى
942 ## - عناصر المدخل الإضافي( كوها)
مصدر التصنيف او مخطط الترفيف Dewey Decimal Classification
Koha [default] item type كتاب
Holdings
حالة التراجع حالة الفقد حالة تلف ليس للاعارة المكان المؤقت الموقع الحالى تاريخ الاكتساب اجمالي اﻻعارات رقم الطلب الباركود تاريخ اخر مشاهدة تاريخ تفعيل السعر نوع وعاء كوها
        مكتبة القاهرة الكبرى مكتبة القاهرة الكبرى 03/26/2014   د\050 117629 03/26/2014 03/26/2014 كتاب

Powered By

EGPV